<?xml version="1.0" encoding="UTF-8"?>
<record
    xmlns:xsi="http://www.w3.org/2001/XMLSchema-instance"
    xsi:schemaLocation="http://www.loc.gov/MARC21/slim http://www.loc.gov/standards/marcxml/schema/MARC21slim.xsd"
    xmlns="http://www.loc.gov/MARC21/slim">

  <leader>00648nam a22001697a 4500</leader>
  <controlfield tag="008">241121b        |||||||| |||| 00| 0 eng d</controlfield>
  <datafield tag="020" ind1=" " ind2=" ">
    <subfield code="a">9993357243</subfield>
  </datafield>
  <datafield tag="082" ind1=" " ind2=" ">
    <subfield code="2">23rd.</subfield>
    <subfield code="a">N891.4952/L455s</subfield>
  </datafield>
  <datafield tag="100" ind1=" " ind2=" ">
    <subfield code="a">Lamichhane, Ghana Shyam</subfield>
  </datafield>
  <datafield tag="241" ind1=" " ind2=" ">
    <subfield code="a">Shyamshukla: ekanki sangraha / Ghana Shyam Lamichhane.</subfield>
  </datafield>
  <datafield tag="245" ind1=" " ind2=" ">
    <subfield code="a">&#x936;&#x94D;&#x92F;&#x93E;&#x92E;&#x936;&#x941;&#x915;&#x94D;&#x932;&#x93E;: </subfield>
    <subfield code="b">&#x90F;&#x915;&#x93E;&#x902;&#x915;&#x940; &#x938;&#x902;&#x917;&#x94D;&#x930;&#x939; /</subfield>
    <subfield code="c">&#x918;&#x928;&#x936;&#x94D;&#x92F;&#x93E;&#x92E; &#x932;&#x93E;&#x92E;&#x93F;&#x91B;&#x93E;&#x928;&#x947;.</subfield>
  </datafield>
  <datafield tag="260" ind1=" " ind2=" ">
    <subfield code="a">Pokhara:</subfield>
    <subfield code="b">Jamarko Pratibha Samuha,</subfield>
    <subfield code="c">2059BS.</subfield>
  </datafield>
  <datafield tag="300" ind1=" " ind2=" ">
    <subfield code="a">viii, 70p.</subfield>
  </datafield>
  <datafield tag="650" ind1=" " ind2=" ">
    <subfield code="a">&#x928;&#x947;&#x92A;&#x93E;&#x932;&#x940; &#x928;&#x93E;&#x91F;&#x915;</subfield>
  </datafield>
  <datafield tag="650" ind1=" " ind2=" ">
    <subfield code="a"> &#x928;&#x947;&#x92A;&#x93E;&#x932;&#x940; &#x938;&#x93E;&#x939;&#x93F;&#x924;&#x94D;&#x92F;</subfield>
  </datafield>
  <datafield tag="942" ind1=" " ind2=" ">
    <subfield code="2">ddc</subfield>
    <subfield code="c">ISBN</subfield>
  </datafield>
  <datafield tag="999" ind1=" " ind2=" ">
    <subfield code="c">118098</subfield>
    <subfield code="d">118086</subfield>
  </datafield>
  <datafield tag="952" ind1=" " ind2=" ">
    <subfield code="0">0</subfield>
    <subfield code="1">0</subfield>
    <subfield code="2">ddc</subfield>
    <subfield code="4">0</subfield>
    <subfield code="7">0</subfield>
    <subfield code="a">TUCL</subfield>
    <subfield code="b">TUCL</subfield>
    <subfield code="d">2024-11-21</subfield>
    <subfield code="l">0</subfield>
    <subfield code="o">N891.4952/L455s</subfield>
    <subfield code="p">IS2003</subfield>
    <subfield code="r">2024-11-21 14:41:18</subfield>
    <subfield code="w">2024-11-21</subfield>
    <subfield code="y">ISBN</subfield>
  </datafield>
</record>
